Hesychii Alexandrini Lexicon. Vol. 3, Π-Σ /
| Κύριος συγγραφέας: | |
|---|---|
| Άλλοι συγγραφείς: | , |
| Μορφή: | Βιβλίο |
| Γλώσσα: | Ancient Greek English Latin |
| Έκδοση: |
Berlin :
Walter de Gruyter,
2005.
|
| Σειρά: | Sammlung griechischer und lateinischer Grammatiker ;
Bd. 11/3 |
| Θέματα: |
| LEADER | 01542cam a22003017i 4500 | ||
|---|---|---|---|
| 001 | 10016175 | ||
| 003 | GR-PaULI | ||
| 005 | 20210117210501.0 | ||
| 008 | 171020s2005 gw ||||f d |00| ||grc d | ||
| 020 | |a 3110178524 | ||
| 020 | |a 9783110178524 | ||
| 040 | |b GR-PaULI |a gre |c GR-PaULI |e AACR2 | ||
| 041 | 0 | |a grc |a eng |a lat | |
| 082 | 0 | 4 | |a 880.3 |2 23 |
| 100 | 0 | |a Ησύχιος, |d 5ος αιώνας μ. Χ. |9 164926 |c ο Αλεξανδρινός |e συγγραφέας | |
| 245 | 1 | 0 | |a Hesychii Alexandrini Lexicon. |n Vol. 3, |p Π-Σ / |c editionem post Kurt Latte continuans recensuit et emendavit Peter Allan Hansen |
| 260 | |a Berlin : |b Walter de Gruyter, |c 2005. | ||
| 300 | |a xxxiii, 404 σ. ; |c 24 εκ. | ||
| 490 | 0 | |a Sammlung griechischer und lateinischer Grammatiker ; |v Bd. 11/3 | |
| 500 | |a Οι τόμ. 1 και 2 δημοσιεύθηκαν το 1953 και το 1966 από : Munksgaard, Κοπεγχάγη και ο τόμ. 4 δημοσιεύθηκε το 2009 από Walter de Gruyter. | ||
| 504 | |6 Περιλαμβάνει βιβλιογραφικές σημειώσεις. | ||
| 650 | 4 | |a Ελληνική γλώσσα |9 98 |x Λεξικά | |
| 700 | 1 | 4 | |a Hansen, Peter Allan, |9 160875 |d 1944- |e επιμελητής |
| 700 | 1 | 4 | |a Latte, Kurt |9 78019 |d 1891-1964 |e συγγραφέας |
| 942 | |2 ddc |c BKN | ||
| 952 | |0 0 |1 0 |2 ddc |4 0 |6 R_880_300000000000000_ΗΣΙ |7 0 |9 216491 |a THST |b THST |d 2017-10-20 |i 004757 |l 0 |o R 880.3 ΗΣΙ |p 025000136913 |r 2017-10-20 00:00:00 |t 1 |v 2017.00 |w 2017-10-20 |y BKN | ||
| 998 | |c ΜΑΝΙΑ |d 2017-10 | ||
| 999 | |c 131294 |d 131294 | ||